00334nam a22001337a 4500008004100000020001900041100001700060245004100077260003500118300000800153650001000161942001200171999001700183240920b |||||||| |||| 00| 0 eng d a81-203-20-58-1 aR A Gayakwad aOP AMPS & Linear Integrated Circuits aNew DelhibPrentice Hallc2003 a542 aBB-EE 2ddccBK c20858d20858